000 00747nam a2200253 4500
001 18187
003 BD-RjUL
005 20211209000241.0
008 140219r1967 nyu 000 1 eng u
035 _a(BD-RjUL)18245
040 _cHEI
_dBOS
_aBD-RjUL
_beng
041 _aeng
082 _a813.4
_bJAS 1967
090 _aPS2116.A7
_bF59
100 1 _aJames, Henry,
_d1843-1916.
_955999
245 1 4 _aThe Aspern papers :
_bThe spoils of Poynton /
_cWith a general introd. by R.P. Blackmur.
260 _aNew York :
_bDell Pub. Co.,
_cc1959 [Reprinted 1967].
300 _a320 p. ;
_c16 cm.
490 0 _aThe Laurel Henry James, LC121.
650 _aFiction
_956000
740 4 _aThe spoils of Poynton.
942 _2ddc
_cBK
999 _c18187
_d18187